The weight-loss diaries /

Bibliographic Details
Main Author: Rubin, Courtney
Format: Book
Published: New York: McGraw-Hill, 2004.
Subjects:
LEADER 00430cam a2200169 7i4500
001 0000049743
005 20151104090000.0
005 ##20151104163800.0
003 ##MY-KlINT
020 # # |a 0071416234  
039 # 9 |y 201511041638  |z VLOAD 
090 0 0 |a 613.25   |b RUB 
100 1 # |a Rubin, Courtney 
245 0 0 |a The weight-loss diaries /   |c Courtney Rubin. 
260 # # |a New York:   |b McGraw-Hill,   |c 2004. 
300 # # |a xiii,258p;   |c 23cm. 
650 # 0 |a Weight loss